Score 0/49 Timer 08:00
23 Plays Today
% Correct
India
89.3%
Russia
87.8%
China
86.7%
Pakistan
81.4%
Mongolia
80.9%
Kazakhstan
80.9%
Iran
78.7%
Myanmar
77.1%
Nepal
77.1%
Afghanistan
77%
Saudi Arabia
76.9%
Bangladesh
76%
North Korea
75.3%
Japan
75.3%
Indonesia
75.1%
Turkey
74.5%
Yemen
73.8%
Bhutan
73.4%
South Korea
73%
Sri Lanka
72.6%
Thailand
71.9%
Oman
71.7%
Iraq
70.8%
Vietnam
69.8%
Philippines
69.6%
% Correct
Malaysia
69.1%
Uzbekistan
68.9%
Laos
68.3%
Kyrgyzstan
68%
Cambodia
67.9%
Maldives
67.7%
Turkmenistan
66.8%
UAE
66.3%
Syria
66%
Jordan
65%
Kuwait
64.7%
Tajikistan
64.6%
Georgia
64.6%
Palestine
62.5%
Taiwan
61.7%
Armenia
61.3%
Azerbaijan
61.1%
Israel
60.4%
Singapore
59.9%
Brunei
59.8%
Lebanon
58.8%
Qatar
58.2%
Timor-Leste
57.4%
Bahrain
52.1%
Come Together.
Have Fun.
All Virtual.
We all need to come together. Play Sporcle's virtual live trivia to have fun, connect with people, and get your trivia on. Join a live hosted trivia game for your favorite pub trivia experience done virtually. If a virtual private party is more your thing, go here for details.

You're not logged in!

Compare scores with friends on all Sporcle quizzes.
OR
Log In

Sporcle TV

Today on Sporcle TV


Watch our educational content, quiz creation guides, and fun videos on Sporcle TV.

Show Comments

Extras

Top Quizzes Today


Score Distribution

Paid Content

Your Account Isn't Verified!

In order to create a playlist on Sporcle, you need to verify the email address you used during registration. Go to your Sporcle Settings to finish the process.

Report this User

Report this user for behavior that violates our Community Guidelines.

Details: